000
00314 a2200109 4500
001
ART_18008
005
20260410161656.0
008
260409a
245
1
0
_a
Nuevo aplicativo de impuestos internos
100
1
_a
Baldo, Alberto
773
0
_t
Práctica profesional
_g
- Nº 119 (jun. 2010)
_w
REV542
999
_c
14733
_d
14733